Introduction to feedback systems

Guardado en:
Detalles Bibliográficos
Autor principal: Harris, L. Dale (Autor)
Formato: Libro
Lenguaje:inglés
Publicado: Nueva York John Wiley 1961
Materias:
Etiquetas: Agregar Etiqueta
Sin Etiquetas, Sea el primero en etiquetar este registro!

MARC

LEADER 00000nam a2200000 a 4500
001 UCU4619
003 CL-VaPUC
008 960524e19610000US |||||||||||||||||eng|d
082 0 4 |a 629.83  |b HAR  |2 21 
100 0 |a Harris, L. Dale  |e author  |9 362310 
245 1 0 |a Introduction to feedback systems 
300 |a 363 p 
942 |c BK 
945 |d 19960524 00:00:00  |a cmena 
260 |a Nueva York  |b John Wiley  |c 1961 
650 7 |a REALIMENTACION  |2 CL-VaPUC  |9 361754 
650 0 |a Control automático  |9 259890 
650 0 |a Servomecanismos  |9 260343 
650 0 |a Matemática aplicada   |9 260236 
650 0 |a Programación de computadores   |9 259531 
583 |a last modification  |c 19960524 00:00:00  |k Rodrigo Vera 
999 |c 248276  |d 248274